书目信息 |
| 题名: |
无为的能量
|
|
| 作者: | 林光华, 著 | |
| 分册: | ||
| 出版信息: | 北京 中国人民大学出版社 2024.1 |
|
| 页数: | 400页 | |
| 开本: | 22cm | |
| 丛书名: | ||
| 单 册: | ||
| 中图分类: | B223.15 | |
| 科图分类: | ||
| 主题词: | 道家--dao jia | |
| 电子资源: | ||
| ISBN: | 978-7-300-30787-9 | |
| 000 | 01750nam0 2200349 450 | |
| 001 | CAL 012022106360 | |
| 005 | 20250923095220.8 | |
| 010 | @a978-7-300-30787-9@b精装@dCNY68.00 | |
| 099 | @aCAL 012022106360 | |
| 100 | @a20221029d2022 em y0chiy0120 ea | |
| 101 | 0 | @achi |
| 102 | @aCN@b110000 | |
| 105 | @ay a 000yy | |
| 106 | @ar | |
| 200 | 1 | @a无为的能量@Awu wei de neng liang@e《老子》哲学40讲@d= The power of nonaction@ea modern interpretation to Laozi@f林光华著@zeng |
| 210 | @a北京@c中国人民大学出版社@d2024.1 | |
| 215 | @a400页@d22cm | |
| 300 | @a守望者 | |
| 314 | @a林光华(1979-),江苏人,中国人民大学国学院副教授,香港中文大学哲学博士,首都师范大学文学博士。 | |
| 320 | @a有书目 (第386-396页) | |
| 330 | @a本书将《老子》81章的思想分五个主要观念﹣常道、自然、无为、素朴、安乐来加以理解与诠释,在客观解读《老子》文本的基础上结合当代社会的生存体验与问题进行新的阐发,渗透到生活的方方面面,旨在让人理解《老子》的思维方式、主要思想、修养境界及其当代价值与对人生的启发,让人在当下获得内心的平静与充盈,提升处理问题的智慧与能力。使人能在遵循天道自然的法则时成就天性的自由绽放;在消费主义影响下看清欲望而复归于朴;在如婴儿的元气满满的状态中体验身心安乐的幸福感。全书以专业的学术研究为根基,以敏锐的触角为创新,以真切的关怀为切入点,以深入浅出的生活案例为辅助,为我们打开了一本有独特视角但人人都能读懂的《老子》。 | |
| 510 | 1 | @aPower of nonaction@ea modern interpretation to Laozi@zeng |
| 517 | 1 | @a《老子》哲学40讲@A《 lao zi》 zhe xue 40 jiang |
| 586 | @a | |
| 605 | @a道德经@Adao de jing@x研究 | |
| 606 | 0 | @a道家@Adao jia |
| 690 | @aB223.15@v5 | |
| 701 | 0 | @a林光华,@Alin guang hua@f1979-@4著 |
| 801 | 0 | @aCN@c20250923 |
| 905 | @a河南城建学院图书馆@dB223.15@eL492@f1 | |
| 920 | @a215010@z1 | |
| 998 | @aNMU | |
| 无为的能量:《老子》哲学40讲= The power of nonaction:a modern interpretation to Laozi/林光华著.-北京:中国人民大学出版社,2024.1 |
| 400页;22cm |
| 守望者 |
| ISBN 978-7-300-30787-9(精装):CNY68.00 |
| 本书将《老子》81章的思想分五个主要观念﹣常道、自然、无为、素朴、安乐来加以理解与诠释,在客观解读《老子》文本的基础上结合当代社会的生存体验与问题进行新的阐发,渗透到生活的方方面面,旨在让人理解《老子》的思维方式、主要思想、修养境界及其当代价值与对人生的启发,让人在当下获得内心的平静与充盈,提升处理问题的智慧与能力。使人能在遵循天道自然的法则时成就天性的自由绽放;在消费主义影响下看清欲望而复归于朴;在如婴儿的元气满满的状态中体验身心安乐的幸福感。全书以专业的学术研究为根基,以敏锐的触角为创新,以真切的关怀为切入点,以深入浅出的生活案例为辅助,为我们打开了一本有独特视角但人人都能读懂的《老子》。 |
| ● |
| 相关链接 |
|
|
|
正题名:无为的能量
索取号:B223.15/L492
 
预约/预借
| 序号 | 登录号 | 条形码 | 馆藏地/架位号 | 状态 | 备注 |
| 1 | 1637971 | 216379719 | 社科库509/509社科库 12排3列4层/ [索取号:B223.15/L492] | 在馆 |